<?xml version="1.0" encoding="UTF-8"?>
<collection xmlns:xsi="http://www.w3.org/2001/XMLSchema-instance" xsi:schemaLocation="http://www.loc.gov/MARC21/slim http://www.loc.gov/standards/marcxml/schema/MARC21slim.xsd" xmlns="http://www.loc.gov/MARC21/slim">
 <record>
  <leader>00000cam a22000004i 4500</leader>
  <controlfield tag="001">UP-1685594773861326578</controlfield>
  <controlfield tag="003">Buklod</controlfield>
  <controlfield tag="005">20240424151538.0</controlfield>
  <controlfield tag="006">i|||||||||||||| | </controlfield>
  <controlfield tag="007">ta</controlfield>
  <controlfield tag="008">151125r20032000nyua    rb   |001 0|eng d</controlfield>
  <datafield tag="020" ind1=" " ind2=" ">
   <subfield code="a">0521627494 (pbk.)</subfield>
  </datafield>
  <datafield tag="035" ind1=" " ind2=" ">
   <subfield code="a">(iLib)UPBAG-00000017836</subfield>
  </datafield>
  <datafield tag="037" ind1=" " ind2=" ">
   <subfield code="a">GRC-0077</subfield>
   <subfield code="c">Php2,784.00</subfield>
  </datafield>
  <datafield tag="040" ind1=" " ind2=" ">
   <subfield code="a">DLC</subfield>
   <subfield code="d">BAG</subfield>
   <subfield code="e">rda</subfield>
  </datafield>
  <datafield tag="041" ind1="0" ind2=" ">
   <subfield code="a">eng</subfield>
  </datafield>
  <datafield tag="090" ind1=" " ind2="0">
   <subfield code="a">HD 30.23</subfield>
   <subfield code="b">C469 2000</subfield>
  </datafield>
  <datafield tag="245" ind1="1" ind2="0">
   <subfield code="a">Choices, values, and frames</subfield>
   <subfield code="c">edited by Daniel Kahneman, Amos Tversky.</subfield>
  </datafield>
  <datafield tag="264" ind1=" " ind2="1">
   <subfield code="a">New York</subfield>
   <subfield code="b">Cambridge University Press</subfield>
   <subfield code="c">2003.</subfield>
  </datafield>
  <datafield tag="264" ind1=" " ind2="4">
   <subfield code="a">©2000.</subfield>
  </datafield>
  <datafield tag="300" ind1=" " ind2=" ">
   <subfield code="a">xx, 840 pages</subfield>
   <subfield code="b">illustrations</subfield>
   <subfield code="c">24 cm</subfield>
  </datafield>
  <datafield tag="336" ind1=" " ind2=" ">
   <subfield code="a">text</subfield>
   <subfield code="2">rdacontent</subfield>
  </datafield>
  <datafield tag="337" ind1=" " ind2=" ">
   <subfield code="a">unmediated</subfield>
   <subfield code="2">rdamedia</subfield>
  </datafield>
  <datafield tag="338" ind1=" " ind2=" ">
   <subfield code="a">volume</subfield>
   <subfield code="2">rdacarrier</subfield>
  </datafield>
  <datafield tag="504" ind1=" " ind2=" ">
   <subfield code="a">Includes bibliographical references (pages 775-820) and indexes.</subfield>
  </datafield>
  <datafield tag="505" ind1="0" ind2="0">
   <subfield code="a">1. Choices, Values, and Frames / Daniel Kahneman and Amos Tversky -- 2. Prospect Theory: An Analysis of Decision under Risk / Daniel Kahneman and Amos Tversky -- 3. Advances in Prospect Theory: Cumulative Representation of Uncertainty / Amos Tversky and Daniel Kahneman -- 4. Compound Invariant Weighting Functions in Prospect Theory / Drazen Prelec -- 5. Weighing Risk and Uncertainty/ Amos Tversky and Craig R. Fox -- 6. A Belief-Based Account of Decision under Uncertainty / Craig R. Fox and Amos Tversky -- 7. Loss Aversion in Riskless Choice: A Reference-Dependent Model / Amos Tversky and Daniel Kahneman -- 8. Anomalies: The Endowment Effect, Loss Aversion, and Status Quo Bias / Daniel Kahneman, Jack L. Knetsch and Richard H. Thaler -- 9. The Endowment Effect and Evidence of Nonreversible Indifference Curves / Jack L. Knetsch -- 10. A Test of the Theory of Reference-Dependent Preferences / Ian Bateman, Alistair Munro and Bruce Rhodes / [and others] -- 11. Diminishing Marginal Utility of Wealth Cannot Explain Risk Aversion / Matthew Rabin -- 12. Rational Choice and the Framing of Decisions / Amos Tversky and Daniel Kahneman -- 13. Framing, Probability Distortions, and Insurance Decisions / Eric J. Johnson, John Hershey and Jacqueline Meszaros / [et al.] -- 14. Mental Accounting Matters / Richard H. Thaler -- 15. Toward a Positive Theory of Consumer Choice / Richard H. Thaler -- 16. Prospect Theory in the Wild: Evidence from the Field / Colin F. Camerer -- 17. Myopic Loss Aversion and the Equity Premium Puzzle / Shlomo Benartzi and Richard H. Thaler -- 18. Fairness as a Constraint on Profit Seeking: Entitlements in the Market / Daniel Kahneman, Jack L. Knetsch and Richard H. Thaler -- 19. Money Illusion / Eldar Shafir, Peter Diamond and Amos Tversky -- 20. Labor Supply of New York City Cab Drivers: One Day at a Time / Colin F. Camerer, Linda Babcock and George Loewenstein / [et al.]. 21. Are Investors Reluctant to Realize Their Losses? / Terrance Odean -- 22. Timid Choices and Bold Forecast: A Cognitive Perspective on Risk Taking / Daniel Kahneman and Dan Lovallo -- 23. Overconfidence and Excess Entry: An Experimental Approach / Colin F. Camerer and Dan Lovallo -- 24. Judicial Choice and Disparities between Measures of Economic Values / David Cohen and Jack L. Knetsch -- 25. Contrasting Rational and Psychological Analyses of Political Choice / George A. Quattrone and Amos Tversky -- 26. Conflict Resolution: A Cognitive Perspective / Daniel Kahneman and Amos Tversky -- 27. The Construction of Preference / Paul Slovic -- 28. Contingent Weighting in Judgment and Choice / Amos Tversky, Shmuel Sattath and Paul Slovic -- 29. Context-Dependent Preferences / Amos Tversky and Itamar Simonson -- 30. Ambiguity Aversion and Comparative Ignorance / Craig R. Fox and Amos Tversky -- 31. Attribute Evaluability: Its Implications for Joint-Separate Evaluation Reversals and Beyond / Christopher K. Hsee -- 32. Preferences for Sequences of Outcomes / George F. Loewenstein and Drazen Prelec -- 33. Anomalies in Intertemporal Choice: Evidence and an Interpretation / George Loewenstein and Drazen Prelec -- 34. Reason-Based Choice / Eldar Shafir, Itamar Simonson and Amos Tversky -- 35. Value Elicitation: Is There Anything in There? / Baruch Fischhoff -- 36. Economic Preferences of Attitude Expressions? An Analysis of Dollar Responses to Public Issues / Daniel Kahneman, Ilana Ritov and David Schkade -- 37. Experienced Utility and Objective Happiness: A Moment-Based Approach / Daniel Kahneman -- 38. Evaluation by Moments: Past and Future / Daniel Kahneman -- 39. Endowments and Contrast in Judgments of Well-Being / Amos Tversky and Dale Griffin -- 40. A Bias in the Prediction of Tastes / George Loewenstein and Daniel Adler. 41. The Effect of Purchase Quantity and Timing on Variety-Seeking Behavior / Itamar Simonson -- 42. New Challenges to the Rationality Assumption / Daniel Kahneman.</subfield>
  </datafield>
  <datafield tag="650" ind1=" " ind2="0">
   <subfield code="a">Decision-making.</subfield>
  </datafield>
  <datafield tag="650" ind1=" " ind2="0">
   <subfield code="a">Uncertainty.</subfield>
  </datafield>
  <datafield tag="650" ind1=" " ind2="0">
   <subfield code="a">Risk-taking (Psychology)</subfield>
  </datafield>
  <datafield tag="650" ind1=" " ind2="0">
   <subfield code="a">Value.</subfield>
  </datafield>
  <datafield tag="700" ind1="1" ind2=" ">
   <subfield code="a">Kahneman, Daniel</subfield>
   <subfield code="d">1934-</subfield>
   <subfield code="e">editor.</subfield>
  </datafield>
  <datafield tag="700" ind1="1" ind2=" ">
   <subfield code="a">Tversky, Amos</subfield>
   <subfield code="e">editor.</subfield>
  </datafield>
  <datafield tag="905" ind1=" " ind2=" ">
   <subfield code="a">FO</subfield>
  </datafield>
  <datafield tag="852" ind1="0" ind2=" ">
   <subfield code="a">UPBAG</subfield>
   <subfield code="b">GRC</subfield>
   <subfield code="h">HD 30.23 C469 2000</subfield>
  </datafield>
  <datafield tag="942" ind1=" " ind2=" ">
   <subfield code="a">Book</subfield>
  </datafield>
 </record>
</collection>
